书目信息 |
| 题名: |
计算机英语
|
|
| 作者: | 张海波 主编 | |
| 分册: | ||
| 出版信息: | 北京 外语教学与研究出版社 2010.08 |
|
| 页数: | 213页 | |
| 开本: | 25cm | |
| 丛书名: | ||
| 单 册: | ||
| 中图分类: | H31 | |
| 科图分类: | ||
| 主题词: | 电子计算机--英语--职业高中--教材 , 英语 , 电子计算机 | |
| 电子资源: | ||
| ISBN: | 978-7-5600-6805-3 | |
| 000 | 01000nam0 2200301 450 | |
| 001 | 297594 | |
| 005 | 20110901150308.04 | |
| 010 | @a978-7-5600-6805-3@dCNY18.90 (含光盘) | |
| 100 | @a20080618d2010 em y0chiy50 ea | |
| 101 | 0 | @achi@aeng |
| 102 | @aCN@b110000 | |
| 105 | @aa z 000yy | |
| 106 | @ar | |
| 200 | 1 | @a计算机英语@dComputer English@f张海波主编@zeng@Aji suan ji ying yu |
| 210 | @a北京@c外语教学与研究出版社@d2010.08 | |
| 215 | @a213页@c图@d25cm@e光盘1片 | |
| 300 | @a中等职业学校行业英语系列教材 | |
| 307 | @a附光盘:ISBN 978-7-900726-57-5 | |
| 330 | @a本书共16个单元,内容涉及硬件、操作系统、计算机系统的计量单位文字处理与表格、电子邮件、数据库、电脑案例、网络基础、万维网和网站 等计算机领域的基础知识。 | |
| 510 | 1 | @aComputer English@zeng |
| 586 | @a | |
| 606 | 0 | @a电子计算机@x英语@x职业高中@j教材 |
| 606 | 0 | @a英语 |
| 606 | 0 | @a电子计算机 |
| 690 | @aH31@v5 | |
| 701 | 0 | @a张海波@c(英语)@4主编@Azhang hai bo |
| 801 | 0 | @aCN@c20110610 |
| 905 | @dH31@eZ1105 | |
| 计算机英语=Computer English/张海波主编.-北京:外语教学与研究出版社,2010.08 |
| 213页:图;25cm+光盘1片 |
| 中等职业学校行业英语系列教材 |
| ISBN 978-7-5600-6805-3:CNY18.90 (含光盘) |
| 本书共16个单元,内容涉及硬件、操作系统、计算机系统的计量单位文字处理与表格、电子邮件、数据库、电脑案例、网络基础、万维网和网站 等计算机领域的基础知识。 |
| ● |
| 相关链接 |
|
|
|
正题名:计算机英语
索取号:H31/Z1105
 
预约/预借
| 序号 | 登录号 | 条形码 | 馆藏地/架位号 | 状态 | 备注 |
| 1 | 1015708 | 210157088 | 语言库209/209语言库 90排2列3层/ [索取号:H31/Z1105] | 在馆 | |
| 2 | 1015709 | 210157097 | 语言库209/209语言库 90排2列3层/ [索取号:H31/Z1105] | 在馆 | |
| 3 | 1015710 | 210157104 | 语言库209/209语言库 90排2列3层/ [索取号:H31/Z1105] | 在馆 |